[Event "Turkish Cup 2022"]
[Site "Sakarya"]
[Date "2022.03.30"]
[Round "8.13"]
[White "Ozcan, Kadir Kutay"]
[Black "Guven, Oguz Kagan"]
[Result "0-1"]
[WhiteElo "1878"]
[BlackElo "2157"]
[Annotator "TA"]
[PlyCount "132"]
[EventDate "2022.03.25"]
[EventType "swiss"]
[EventCountry "TUR"]
[SourceTitle "playchess.com"]
[Source "ChessBase"]
[SourceQuality "1"]

{[%evp 12,132,2,1,3,-14,0,0,0,-14,0,-25,-5,-28,-27,-78,-68,-76,-48,-52,-55,-65,-68,-86,-51,-57,-44,-91,-65,-66,-66,-75,-71,-78,-53,-62,-40,-99,-89,-94,-37,-158,-147,-142,-187,-129,-59,-70,-70,-70,-69,-144,-127,-166,-141,-212,-70,-334,-322,-507,-439,-435,-420,-473,-470,-463,-453,-522,-563,-556,-561,-554,-545,-891,-924,-1417,-868,-1250,-1231,-2638,-2312,-29981,-29982,-29980,-29981,-29978,-5085,-4786,-4752,-29973,-4695,-4586,-4158,-1404,-3185,-3113,-1701,-2956,-2975,-2254,-1851,-1557,-1109,-7060,-5595,-29955,-29962,-29958,-12363,-29973,-29971,-29975,-29972,-29978,-29979,-29979,-29977,-29983,-29984,-29988,-29989,-29989,-29990]} 1. e4 c6 2. d4 d5 3. Nc3 {[%cal Bb1c3,Bc3e4,Be4g5][%mdl 32]} dxe4 4. Nxe4 Nf6 5. Ng5 h6 6. N5f3 Bf5 7. Bd3 e6 {B15: Caro-Kann: 3 Nc3: 3...g6 and 3...dxe4 4 Nxe4 Nf6 5 Nxf6+ exf6.} 8. h3 Bd6 9. Ne2 {[#]} Qc7 $146 {The position is equal.} ({Predecessor:} 9... Nbd7 10. Bf4 Bxf4 11. Nxf4 Qc7 12. Bxf5 Qa5+ 13. Qd2 Qxf5 14. O-O-O Ne4 15. Qe3 Nxf2 16. Qxf2 Qxf4+ {0-1 (56) Kiripolszky,T (1820)-Hevesi,Z (2055) Hungary 2018}) 10. Be3 Nbd7 11. Qd2 Ne4 12. Bxe4 Bxe4 13. Nc3 (13. c4 $11) 13... Bh7 $17 14. a3 Nb6 15. Qe2 Nd5 16. Nxd5 cxd5 17. Qb5+ Qc6 (17... Ke7 {seems wilder.} 18. c3 Qc6 19. Qe2 Qa6 20. Qd2 f6) 18. Qxc6+ bxc6 19. c3 (19. O-O-O $15 {is superior.}) 19... f6 20. b4 a5 21. Ke2 Kd7 22. Nd2 a4 23. c4 e5 24. c5 {[#]} (24. dxe5 $15 fxe5 25. f3) 24... exd4 $1 25. Bxd4 {[#]} Bf4 (25... Rae8+ $1 $17 26. Kf3 Bb8) 26. Rhe1 (26. Rae1 $15) 26... Rhe8+ 27. Kd1 {[#]} Rxe1+ $1 28. Kxe1 Bc2 (28... Re8+ $17 29. Kd1 Bd3) 29. Nf1 Re8+ 30. Ne3 Re4 $36 {[%mdl 2048] Black fights for an advantage. Black is much more active. White has bad knights.} (30... Bb3 {keeps more tension.} 31. Kd2 Re4 32. Bb2 h5 33. g3 Bh6) 31. g3 Rxd4 32. gxf4 {[%mdl 4096] Endgame KRB-KRN} Bb3 33. Ng2 (33. Ke2 $17) 33... Rd3 ({Better is} 33... Ke6 $19 {Strongly threatening ...Bc4.} 34. Rc1 g5 35. fxg5 hxg5) 34. h4 $2 {[%mdl 8192] Loses the game.} ({White has to play} 34. Ne3 $15) 34... d4 $19 35. Kf1 (35. f5 {was called for.} Rf3 36. Ke2 Rxf5 37. f3) 35... Bc4 {[%cal Rd3d1]} 36. Kg1 f5 37. Kh2 Rd2 38. Kg3 Bd5 39. h5 Rd3+ 40. Kh2 Bxg2 41. Kxg2 {KR-KR} Ke6 42. Re1+ Kd5 43. Re5+ Kc4 44. Rxf5 Rxa3 {White must now prevent ...d3.} 45. Rf7 d3 {[%cal Bd4d3,Bd3d2][%mdl 32]} 46. Kf3 d2+ 47. Ke2 Rd3 {[%cal Rd2d1]} 48. Kd1 a3 (48... Kc3 $142 49. Rxg7 Rh3 50. Ke2 Rh1 51. Rd7 Re1+ 52. Kf3 a3 53. Rd6 a2 54. b5 a1=Q 55. Kg4 d1=Q+ 56. Rxd1 Qxd1+ 57. f3 Qd7+ 58. Kg3 Rg1+ 59. Kh4 Qg7 60. bxc6 Rh1#) 49. Rxg7 Kxb4 50. Rb7+ Kxc5 (50... Kc3 $142 51. Ra7 Kb2 52. Rb7+ Rb3 53. Ra7 Kc3 54. Ke2 Kc2 55. Rd7 Rb2 56. Rxd2+ Kb3 57. Ke3 Rxd2 58. Kxd2 a2 59. Ke3 a1=Q 60. f5 Qe1+ 61. Kf3 Qc3+ 62. Kf4 Qxc5 63. f6 Qg5+ 64. Ke4 Qxf6 65. f4 c5 66. f5 c4 67. Kf3 c3 68. Kg3 c2 69. Kf3 c1=Q 70. Kg2 Qfg5+ 71. Kh2 Qcg1+ 72. Kh3 Qxh5#) 51. f5 Rf3 52. Kxd2 Rxf2+ 53. Kc3 Rxf5 {aiming for ...Rf3+.} 54. Kb3 Rxh5 55. Kxa3 Rh3+ 56. Kb2 Kc4 57. Rg7 h5 {[%cal Bh6h5,Bh5h4,Bh4h3,Bh3h2][%mdl 32] ( -> ...c5)} 58. Rg2 c5 {[%cal Bc6c5,Bc5c4][%mdl 32]} 59. Rg5 Rh2+ 60. Kc1 Kb4 {Black mates.} 61. Rf5 c4 62. Rf3 h4 63. Re3 Rh1+ 64. Kc2 h3 65. Rg3 h2 66. Rh3 Ra1 {Weighted Error Value: White=1.30/Black=0.45} 0-1

[Event "Turkish Cup 2022"]
[Site "Sakarya"]
[Date "2022.03.30"]
[Round "8.14"]
[White "Tarhan, Adar"]
[Black "Karadag, Eflatun Cem"]
[Result "1-0"]
[WhiteElo "2125"]
[BlackElo "1800"]
[Annotator "TA"]
[PlyCount "83"]
[EventDate "2022.03.25"]
[EventType "swiss"]
[EventCountry "TUR"]
[SourceTitle "playchess.com"]
[Source "ChessBase"]
[SourceQuality "1"]

{[%evp 13,83,76,73,82,58,19,16,24,23,0,0,0,133,62,66,67,118,41,37,84,182,176,297,293,300,175,145,119,100,58,306,319,341,296,327,339,308,318,350,365,378,399,454,367,521,517,715,543,1603,1607,29984,29980,29980,29981,29981,29982,29981,29982,29990,29988,29988,29980,29980,29981,29981,29982,29987,29988,29986,29987,29987,-57]} 1. e4 a6 2. d4 b5 3. Nf3 Bb7 4. Bd3 e6 5. Nbd2 c5 6. c3 Nc6 7. O-O Nf6 8. e5 {B28: Sicilian: 2 Nf3 a6 (O'Kelly Variation).} Nd5 9. Ne4 cxd4 10. cxd4 {The position is equal.} Qb6 11. Be3 Ncb4 12. Bb1 d6 {[#]} (12... Nxe3 $11 13. fxe3 Nd5) 13. a3 $146 (13. Nfg5 $1 $16 h6 14. Qh5) ({Predecessor:} 13. Bg5 h6 14. Bh4 Nf4 15. a4 a5 16. axb5 Bxe4 17. Bxe4 d5 18. Bb1 Qxb5 {1-0 (32) Carvalho,H (2185)-Nascimento,J (1858) Sao Paulo 2014}) 13... Nxe3 $14 14. fxe3 Nd5 15. Qe2 ({White should try} 15. Nfg5 $1 $16 {Threatens to win with Qf3.} Nxe3 16. Qh5 (16. Qf3 Nf5 $11)) 15... h6 16. Qf2 $36 {[%cal Of3g5][%mdl 2048] Black is under strong pressure.} f5 (16... Be7 $16) 17. exf6 $1 $18 Nxf6 (17... gxf6 $142 18. Ba2 O-O-O 19. Bxd5 exd5) 18. Nxf6+ gxf6 {[#]} 19. Bg6+ (19. Ng5 $142 $1 {[%mdl 512]} fxg5 20. Qf7+ Kd8 21. Qf6+ Kd7 22. Qxh8) 19... Kd7 20. e4 {[%cal Be3e4,Be4e5][%mdl 32] Inhibits f5. White is more active.} Be7 21. Rac1 (21. Rae1 $16) 21... Rag8 $2 {A mistake that costs the game.} (21... Rac8 $14) 22. Bf7 {[%cal Of7e6] Strongly threatening Bxe6+!} d5 (22... Rg7 $2 {[#]} 23. Bxe6+ $1 {[%mdl 512]} Ke8 24. Nh4 $18) 23. Bxg8 {The board is on fire.} Rxg8 24. e5 f5 25. b4 a5 26. Qd2 {[%csl LRa5,LRh6]} axb4 27. axb4 Ra8 28. Rc2 Ra4 (28... Rh8 $142 29. Rfc1 Rh7) 29. Rb1 Qa7 30. h4 Qb8 31. Qxh6 Bxb4 32. Ng5 {White mates.} Qg8 {[#]} 33. Nxe6 $1 {[%mdl 512]} Qxe6 {[#]} 34. Rc7+ $1 {[%mdl 576] Deflection} Kxc7 35. Qxe6 Bc3 36. Qd6+ Kc8 37. Rc1 Rc4 {[#]} 38. Rxc3 $1 Rxc3 39. e6 Bc6 40. h5 {[%cal Bh4h5,Bh5h6][%mdl 32]} Be8 41. h6 Rc7 42. Qxc7+ $2 {[%mdl 32768] Weighted Error Value: White=0.21 (precise) /Black=0.55. Loss on time!?} 1-0

[Event "Turkish Cup 2022"]
[Site "Sakarya"]
[Date "2022.03.30"]
[Round "8.15"]
[White "Isilak, Enes"]
[Black "Kuru, Atilla"]
[Result "1-0"]
[WhiteElo "2125"]
[BlackElo "1674"]
[Annotator "TA"]
[PlyCount "81"]
[EventDate "2022.03.25"]
[EventType "swiss"]
[EventCountry "TUR"]
[SourceTitle "playchess.com"]
[Source "ChessBase"]
[SourceQuality "1"]

{[%evp 17,80,-1,0,-12,14,9,16,16,17,12,12,8,52,38,54,54,43,13,16,1,5,0,0,2,40,33,121,126,118,122,109,0,0,0,0,0,0,-28,-32,-27,-11,-66,-41,-74,-58,-74,-36,-36,-36,-36,6821,6814,29992,29993,29994,29995,29995,29996,29996,29997,29997,29998,29998,29999,29999]} 1. d4 Nf6 2. c4 e6 3. g3 d5 4. Nf3 Bb4+ 5. Bd2 Be7 6. Bg2 c6 7. Qc2 b6 8. b3 Bb7 9. O-O O-O 10. Nc3 {E11: Bogo-Indian.} Nbd7 11. Rfd1 Rc8 12. e4 {The position is equal.} dxe4 {12...dxe4 has lost popularity.} 13. Nxe4 c5 14. Nxf6+ Bxf6 {[#]} (14... Nxf6 $11 {should be considered.} 15. Bc3 cxd4) 15. Ng5 $1 $14 Bxg5 16. Bxb7 Rc7 17. Bxg5 (17. dxc5 $5 Nxc5 18. Bf4 $1 $14) 17... Qxg5 {[#]} 18. dxc5 $146 ({Predecessor:} 18. Bg2 cxd4 19. Rxd4 b5 20. Qd1 Nb6 21. h4 Qc5 22. cxb5 Qxb5 23. a4 Qe5 24. a5 {½-½ (53) Hungaski,R (2528)-Acosta,P (2454) Buenos Aires 2018}) 18... Qxc5 (18... Rxb7 19. c6 $16) 19. Bg2 b5 20. Rac1 Rfc8 {[%cal Rb5c4]} 21. Qd2 Qa3 {[#]} (21... b4 $14) 22. c5 $1 $16 h6 (22... Rxc5 $2 23. Rxc5 Qxc5 24. Qxd7 $18) 23. b4 {White is more active.} a5 24. Rb1 ({Much weaker is} 24. bxa5 $6 Nxc5 25. Bf1 b4 $11) ({White should play} 24. c6 $16 Nb8 25. Qf4 (25. bxa5 Nxc6 26. Bxc6 Rxc6 $14)) 24... axb4 $11 25. c6 ({Much worse is} 25. Qxb4 Qxa2 26. c6 Ne5 $15) 25... Ne5 26. Rxb4 Nxc6 27. Bxc6 Rxc6 28. Rxb5 Rc2 29. Qf4 (29. Rb8 $1 $11) 29... Qxa2 30. Rb7 e5 $1 31. Qf5 Rc1 32. Kg2 {Rxc1 is the strong threat.} g6 (32... Rxd1 $2 33. Qxc8+ Rd8 34. Qxd8+ $18) 33. Rxc1 {[%cal Of5g6][%mdl 64] Intending Qxg6+! and mate. Overworked Piece} Rxc1 $4 $15 {[%mdl 12288] Endgame KQR-KQR. Loses the game.} (33... Qd5+ $15 34. Kh3 (34. Qf3 Qxf3+ 35. Kxf3 Rxc1 $17) 34... Rxc1) 34. Rb8+ $18 Kh7 35. Qxe5 {[%csl Ge5][%cal Rb8h8] White mates.} g5 36. Rh8+ Kg6 37. Rg8+ Kh5 38. g4+ Kxg4 39. Qe4+ Kh5 40. Qf3+ Kh4 41. Qh3# {Weighted Error Value: White=0.11 (very precise) /Black=0.35} 1-0

[Event "Turkish Cup 2022"]
[Site "Sakarya"]
[Date "2022.03.30"]
[Round "8.16"]
[White "Korkmaz, Necmettin"]
[Black "Kandaz, Berat Efe"]
[Result "1/2-1/2"]
[WhiteElo "2076"]
[BlackElo "1519"]
[Annotator "TA"]
[PlyCount "77"]
[EventDate "2022.03.25"]
[EventType "swiss"]
[EventCountry "TUR"]
[SourceTitle "playchess.com"]
[Source "ChessBase"]
[SourceQuality "1"]

{[%evp 22,77,33,41,51,39,40,50,48,0,0,0,0,8,40,7,7,-38,-8,-15,75,95,154,129,180,164,154,144,144,147,175,-17,-19,-160,-157,-449,-31,-46,0,0,0,0,0,0,0,0,0,0,0,0,0,0,0,0,0,0,0,-29998]} 1. e4 c5 2. Nf3 d6 3. d4 cxd4 4. Nxd4 Nf6 5. Nc3 a6 6. Bg5 e6 7. f4 Be7 8. Qf3 Qc7 9. O-O-O Nbd7 10. g4 {[%cal Bg2g4,Bg4g5][%mdl 32]} h6 11. Bxf6 Bxf6 12. h4 Nb6 $1 {[%mdl 4] is more profitable than 12...Qb6 at the moment. B99: Sicilian Najdorf: 6 Bg5 e6 7 f4 Be7 8 Qf3 Qc7 9 0-0-0 Nbd7.} 13. g5 Bxd4 14. Rxd4 Qc5 {White is slightly better.} 15. Qd3 hxg5 16. b4 (16. Rxd6 Nd5 $1 17. Rxd5 exd5 18. fxg5 dxe4 19. Qxe4+ Be6 $15) 16... Qc7 17. fxg5 {[%cal Og5g6]} Ke7 {[#]} 18. Qg3 $146 {[%mdl 2048] White has the initiative.} ({Predecessor:} 18. Be2 e5 19. Nd5+ Nxd5 20. Rc4 Qb6 21. exd5 Bd7 22. Qf3 Bb5 23. Rg4 Bxe2 24. Qxe2 {0-1 (54) Sankalp,G (2468)-Alsina Leal,D (2497) Barbera del Valles 2021}) 18... Bd7 $1 19. Rh2 (19. Rh3 $11) 19... Rhc8 $15 20. Nd1 a5 {[#]} (20... Bb5 $11 21. Bh3 d5 22. Qxc7+ Rxc7) 21. b5 $1 $16 {White is more active.} e5 {[#]} (21... Be8 $142) 22. Rd3 $1 Bxb5 {[#]} (22... Qc5 $16 {keeps fighting.}) 23. Rc3 $1 $18 Qd7 (23... Bxf1 $2 24. Rxc7+ Rxc7 25. Qg1 $18) 24. Rxc8 Nxc8 (24... Rxc8 $2 25. Bh3 Qe8 26. Bxc8 Nxc8 27. h5 $18) 25. Bxb5 Qxb5 26. Nc3 $2 ({White should play} 26. h5 $18 {Hoping for h6.} Nb6 27. g6 fxg6 28. Qxg6) 26... Qf1+ $11 27. Kb2 (27. Nd1 $1 $11 {was the only way to keep the balance.}) 27... Nb6 $17 {...Nc4+ is the strong threat.} 28. Rf2 $2 (28. Qf2 $17 Qxf2 29. Rxf2) 28... Qc4 $2 (28... Nc4+ $19 29. Kb3 a4+ 30. Kb4 Qa1 31. Nd5+ (31. Kxc4 {gets mated.} Rc8+ 32. Kd3 Rxc3+ 33. Ke2 Rxg3 34. Rf3 Rg1 35. a3 Qd1+ 36. Ke3 Qd4+ 37. Ke2 Rg2+) (31. Qf3 $2 Qb2+ 32. Kxc4 Rc8+ 33. Kd3 Rxc3+ 34. Ke2 Rxf3 $19) 31... Kd8) 29. Qf3 $15 Rc8 (29... Qd4 $15 {is superior.} 30. Kc1 (30. Qxf7+ Kd8 $17) 30... Rf8) 30. Nd5+ $11 {The position is equal.} Nxd5 31. Qxf7+ Kd8 32. Qxd5 {[%mdl 4096] Endgame KQR-KQR. Dancing on a razor blade.} Qc3+ 33. Kb1 Qe1+ 34. Kb2 Qxf2 35. Qxd6+ Ke8 36. Qe6+ Kd8 37. Qd6+ Ke8 38. Qe6+ Kd8 39. Qh6 $2 {[%mdl 40960] Quite a comeback for Black.  Weighted Error Value: White=0.33/Black=0.40. An unexpected result.} 1/2-1/2

[Event "Turkish Cup 2022"]
[Site "Sakarya"]
[Date "2022.03.30"]
[Round "8.17"]
[White "Atayman, Evren"]
[Black "Koc, Ilkay"]
[Result "0-1"]
[WhiteElo "1662"]
[BlackElo "1995"]
[Annotator "TA"]
[PlyCount "94"]
[EventDate "2022.03.25"]
[EventType "swiss"]
[EventCountry "TUR"]
[SourceTitle "playchess.com"]
[Source "ChessBase"]
[SourceQuality "1"]

{[%evp 16,94,11,0,0,-2,20,-7,24,0,20,0,-15,0,41,-75,-36,-35,-32,-95,-95,-82,30,23,23,-204,-64,-131,117,112,79,102,200,-50,-40,-37,-26,-17,-25,-27,13,-41,140,144,144,122,135,43,569,562,554,557,555,535,674,686,646,-327,-275,-310,-297,-315,-317,-611,-593,-564,-545,-1159,-1132,-1108,-1088,-1181,-2686,-2393,-2349,-1964,-2205,-29982,-29982,-29990,-29991]} 1. e4 c5 2. Nf3 d6 3. d4 cxd4 4. Nxd4 Nf6 5. Nc3 a6 6. Bg5 e6 7. f4 h6 8. Bh4 Qb6 9. a3 {9.a3 is better than 9.Qd2.} Be7 {[%cal Of6e4] B96: Sicilian Najdorf: 6 Bg5 e6 7 f4, lines other than 7...Qb6 and 7...Be7.} (9... Qxb2 $2 10. Na4 Qxa1 11. Qxa1 $18) 10. Bf2 {[%cal Od4e6]} Qc7 $1 (10... Qxb2 $2 11. Na4 Qxa1 12. Qxa1 $18) 11. Qf3 b5 {The position is equal.} 12. Bd3 (12. g4 $5 {[%cal Rf1g2]}) 12... Bb7 13. O-O-O Nc6 {[#]} 14. g4 $146 ({Predecessor:} 14. Nxc6 Bxc6 15. Rhe1 Qb7 16. Qe2 O-O 17. e5 dxe5 18. fxe5 Nd7 19. Qh5 Rfb8 20. Be4 {0-1 (32) Berg,E (2604)-Arnold,M (2445) Helsingor 2011}) 14... Rc8 (14... b4 $11 {should be considered.} 15. axb4 Nxb4) 15. g5 (15. Nxc6 $14 {keeps the upper hand.} Bxc6 16. h4) 15... hxg5 $17 16. fxg5 Ne5 17. Qg2 (17. Qe2 $1 $15 Nfg4 18. g6) 17... Nfg4 18. g6 f5 (18... fxg6 $17 {aiming for ...0-0.} 19. Nxe6 Qd7) 19. Nxe6 $11 Qd7 20. Nd4 {[#]} (20. Nxg7+ $11 {and White is okay.} Kf8 21. Nxf5 Qxf5 22. g7+ Kxg7 23. Bd4) 20... Rf8 (20... Rxc3 $1 $19 {[%mdl 512]} 21. bxc3 fxe4 22. Bxe4 Bxe4 23. Qxe4 Nxf2 24. Qa8+ Qd8) 21. Rhf1 {[#]} (21. Bg3 $1 $15) 21... Bf6 $2 (21... Rxc3 $1 $17 {[%mdl 512]} 22. bxc3 fxe4 23. Bxe4 (23. Be2 $2 e3 $19) 23... Rxf2 24. Rxf2 Bxe4 25. Rf8+ Kxf8 26. Qxe4 d5 27. Qf4+ Kg8) 22. Nd5 Nxd3+ 23. Rxd3 Ne5 {[#]} (23... fxe4 $16 24. Qxe4+ Ne5 25. Nxf6+ Rxf6) 24. Nxf6+ $2 (24. Rh3 $1 $18) 24... Rxf6 $15 25. Rd2 Bxe4 26. Qh3 Nxg6 27. Rg1 Kf7 28. Bh4 ({Don't go for} 28. Qh7 $2 Rh8 29. Qxh8 Nxh8 $19) (28. Nf3 $11 Bxf3 29. Qxf3) 28... Rh8 $2 {Active counter play!} (28... Nxh4 $15 {stays ahead.} 29. Qxh4 Qe7) 29. Qb3+ $16 d5 30. Bxf6 gxf6 31. Rdd1 (31. Re1 $16) 31... Qc7 $2 {[%mdl 8192] [#]} ({Better is} 31... f4 $14) 32. Rxg6 $1 $18 {[%mdl 512]} Qf4+ 33. Kb1 Kxg6 34. Rg1+ Kf7 {[#]} 35. Rg7+ $3 {[%mdl 512]} Ke8 {Threatens to win with ...Qf1+.} 36. Qc3 $4 {[%mdl 8192]} (36. Ka2 $18 {is the narrow road to win. White threatens Qc3 and mate.} Qh6 37. Rc7) 36... Qf1+ $19 37. Ka2 {[%cal Rc3c8]} Qc4+ 38. Qxc4 bxc4 {[%cal Bb5c4,Bc4c3,Bc3c2][%mdl 4128] Endgame KRB-KRN} (38... dxc4 $2 {is the wrong capture.} 39. Ra7 $19) 39. Ra7 $2 (39. Kb1) 39... Rxh2 40. Rxa6 Kf7 41. Ne6 Bxc2 {( -> ...Bb3+)} 42. a4 c3 {And now ...Bd3 would win.} 43. Nf4 {Inhibits Bd3.} Be4 44. Ra7+ Ke8 45. Rb7 d4 {[%cal Bd5d4,Bd4d3][%mdl 32]} 46. Rb4 d3 47. Rd4 c2 {Weighted Error Value: White=0.82/Black=0.48} 0-1

[Event "Turkish Cup 2022"]
[Site "Sakarya"]
[Date "2022.03.30"]
[Round "8.18"]
[White "Temizer, Umut"]
[Black "Sahin, Fehim"]
[Result "1/2-1/2"]
[WhiteElo "1972"]
[BlackElo "1648"]
[Annotator "RC"]
[PlyCount "98"]
[EventDate "2022.03.25"]
[EventType "swiss"]
[EventCountry "TUR"]
[SourceTitle "playchess.com"]
[Source "ChessBase"]
[SourceQuality "1"]
[TimeControl "5400+30"]

1. e4 c6 2. d4 d5 3. exd5 cxd5 4. Bd3 Nf6 5. h3 Nc6 6. c3 e6 7. Bf4 Bd6 8. Bxd6 Qxd6 9. Nf3 Ne4 10. Bxe4 dxe4 11. Ng5 Qf4 12. Qd2 Qxd2+ 13. Nxd2 f5 14. h4 O-O 15. Ke2 Rd8 16. f4 h6 17. Nh3 b6 18. Kf2 Ba6 19. Nb1 Bd3 20. Kg3 b5 21. Nd2 b4 22. Nf2 Ba6 23. Nb3 bxc3 24. bxc3 Bc4 25. Nc5 Rab8 26. Nd1 Na5 27. Ne3 Bd5 28. Rhb1 Nc4 29. Nxc4 Bxc4 30. a4 Kf7 31. Nd7 Rxb1 32. Ne5+ Ke7 33. Rxb1 Bd5 34. Kf2 Rc8 35. c4 Bxc4 36. Rb7+ Kf8 37. Rxa7 Bd5 38. Nd7+ Kg8 39. Nc5 Rb8 40. a5 Rb4 41. Ke3 Rc4 42. Rc7 Rc3+ 43. Kd2 Rg3 44. a6 Rxg2+ 45. Kc3 Rg3+ 46. Kd2 Rg2+ 47. Kc3 Rg3+ 48. Kd2 Ra3 49. a7 Ra1 1/2-1/2

[Event "Turkish Cup 2022"]
[Site "Sakarya"]
[Date "2022.03.30"]
[Round "8.19"]
[White "Dolek, Gokalp Deniz"]
[Black "Maruflu, Enes Yusuf"]
[Result "0-1"]
[WhiteElo "1520"]
[BlackElo "1945"]
[Annotator "RC"]
[PlyCount "58"]
[EventDate "2022.03.25"]
[EventType "swiss"]
[EventCountry "TUR"]
[SourceTitle "playchess.com"]
[Source "ChessBase"]
[SourceQuality "1"]
[TimeControl "5400+30"]

1. e4 c5 2. Nf3 e6 3. d4 cxd4 4. Nxd4 a6 5. Bd3 Nf6 6. O-O Qc7 7. c4 Bd6 8. h3 Nc6 9. Nc2 Ne5 10. Nc3 b6 11. f4 Nxd3 12. Qxd3 Bb7 13. Be3 Bc5 14. Rae1 Rc8 15. e5 Ng8 16. Ne4 Be7 17. b3 b5 18. c5 Bxe4 19. Qxe4 f5 20. Qd3 Bxc5 21. Nd4 Bxd4 22. Qxd4 Ne7 23. Rc1 Qb7 24. Qd6 Kf7 25. Rfd1 Rxc1 26. Rxc1 Nd5 27. Bd2 Rc8 28. Rxc8 Qxc8 29. Bb4 Qc1+ 0-1

[Event "Turkish Cup 2022"]
[Site "Sakarya"]
[Date "2022.03.30"]
[Round "8.20"]
[White "Bagci, Hikmet"]
[Black "Daghan, Devran"]
[Result "0-1"]
[WhiteElo "1630"]
[BlackElo "1985"]
[Annotator "TA"]
[PlyCount "138"]
[EventDate "2022.03.25"]
[EventType "swiss"]
[EventCountry "TUR"]
[SourceTitle "playchess.com"]
[Source "ChessBase"]
[SourceQuality "1"]

{[%evp 13,138,16,35,23,34,25,22,3,0,-9,0,-33,-33,-119,-113,-116,-40,-96,-94,-114,-87,-146,-50,-54,-56,-79,-74,-101,-54,-51,-58,-83,-20,-20,-13,-15,0,0,34,34,37,4,4,0,0,0,100,0,112,110,110,106,110,20,27,26,26,27,18,11,9,0,12,12,12,12,12,12,12,12,12,12,12,12,12,0,94,83,89,89,90,90,91,73,101,97,91,83,83,77,78,-23,-23,-23,-23,-23,-23,-23,0,-23,-23,-52,-46,-652,-658,-575,-553,-29987,-29988,-29988,-29984,-29984,-29985,-29985,-29986,-29989,-29990,-29991,-29992,-29993,-29994,-29994,-29995,-29996,-29997,-29997,-29998]} 1. e4 c6 2. d4 d5 3. Nc3 dxe4 4. Nxe4 Nf6 5. Nxf6+ exf6 6. c3 Bd6 7. Bd3 O-O 8. Be3 {B15: Caro-Kann: 3 Nc3: 3...g6 and 3...dxe4 4 Nxe4 Nf6 5 Nxf6+ exf6.} Re8 9. Ne2 (9. Qc2 $5 {[%cal Rd3h7]}) 9... Nd7 10. Qc2 {The position is equal.} Nf8 11. O-O-O Be6 12. Kb1 b5 (12... Qa5 13. b3 $11) 13. Nf4 (13. Ng3 $15) 13... Bxf4 $17 14. Bxf4 a5 {[#]} (14... Qd5 $17 15. b3 Qxg2) 15. Rhe1 $146 (15. Be4 $15 Qd7 16. g3) ({Predecessor:} 15. Be4 Qd7 16. Rhe1 a4 17. Qd3 Ng6 18. Bc1 Red8 19. g3 f5 20. Bf3 Bc4 21. Qc2 {1-0 (55) Robin,S (2300)-Vardan,N (2468) San Sebastian 2018}) 15... Qd5 {[%csl LRa2,LRg2]} 16. b3 a4 {[%cal Ra4b3]} 17. b4 (17. Be4 $142 axb3 18. axb3) 17... Ng6 (17... Qxg2 $17 {...Bg4 is the strong threat.} 18. Bg3 Qd5) 18. Be4 Qd7 19. g3 f5 20. Bd3 Ne7 (20... Nxf4 $17 21. gxf4 g6) 21. Rd2 Nd5 22. Rde2 a3 ({Black should try} 22... Nxf4 $17 23. gxf4 g6) 23. Bc1 $11 g6 24. h4 Ra4 {[%cal Od5b4] [#] And now ...Nxb4! would win.} 25. Qd2 Rea8 26. Bc2 R4a7 {[%cal Of5f4]} 27. Bb3 {[%cal Oh4h5]} f4 28. gxf4 Bf5+ 29. Ka1 {[%cal Oh4h5]} Nb6 (29... f6 $11) 30. Re5 (30. h5 $16) 30... Nc4 (30... Nd5 $11 {remains equal.}) 31. Bxc4 $16 bxc4 32. Qe3 h5 33. Re7 (33. Qe2 $16) 33... Qxe7 $11 34. Qxe7 Rxe7 35. Rxe7 {[%mdl 4096] Endgame KRB-KRB} Be6 36. Rc7 Bd5 37. Re7 Kf8 38. Re3 f6 39. Kb1 Kf7 40. Kc2 Be6 41. Bd2 Bf5+ 42. Kc1 $1 Rb8 43. Re1 Rb5 44. Re3 g5 (44... Rb8 $11) 45. fxg5 $16 fxg5 46. hxg5 h4 47. Re1 h3 48. Bf4 Kg6 49. Kd2 Rb7 {Inhibits Re7.} 50. Rh1 Re7 51. Be3 Kh5 52. Kc1 ({White should play} 52. f3 $16) 52... Kg4 $11 {[%mdl 1024] Black has compensation.} 53. Rh2 Be4 54. Kd1 Rh7 55. Bc1 Re7 {Strongly threatening ...Bf3+.} 56. Be3 $1 ({Don't blunder} 56. Bxa3 $2 Bf3+ 57. Kc2 (57. Kc1 $2 Re1+ 58. Kd2 Rd1+ 59. Kc2 Rh1 $19) 57... Re2+ 58. Kb1 Re1+ 59. Bc1 Rh1 60. Rxh3 (60. Rxh1 $2 Bxh1 61. Be3 h2 $19) 60... Kxh3 $19) 56... Bb1 57. Bc1 Ra7 58. Ke1 $2 {[%mdl 8192] [#] Loses the game.} (58. Be3 $15) 58... Bxa2 $19 59. f3+ Kg3 60. Bf4+ Kxf4 {Black mates.} 61. Rxa2 {KR-KR} h2 62. Rxh2 a2 63. Rxa2 Rxa2 {KR-KP} 64. d5 Ke3 {[%cal Ra2a1]} 65. Kd1 cxd5 66. b5 d4 67. cxd4 c3 {[%cal Bc4c3,Bc3c2][%mdl 32]} 68. g6 c2+ 69. Kc1 Kd3 {Weighted Error Value: White=0.42/Black=0.19 (very precise)} 0-1